000 00642nam a2200253Ia 4500
005 20250425160740.0
008 250425s9999 xx 000 0 und d
020 _a9701700449
041 _aspa
043 _amx
082 _a005.86
100 _aDEITEL, HARVEY M.
245 0 _aCOMO PROGRAMAR EN JAVA
250 _a1A ED.
260 _aMEXICO
260 _aMéxico
_bPRENTICE HALL
_c1998
300 _a1056
650 _aJAVA (LENGUAJE DE PROGRAMACION)
650 _aLENGUAJE DE PROGRAMACION
650 _aPROGRAMACION ORIENTADA A OBJETOS
700 _aROBERTO ESCALONA GARCIA
_etraductor
942 _c01
010 _a4357
999 _c195387
_d195387